| 000 | 00464nam a2200193Ia 4500 | ||
|---|---|---|---|
| 008 | 131103s9999 xx 000 0 und d | ||
| 020 | _a439286018 | ||
| 040 | _aLoreto College | ||
| 041 | _aEnglish | ||
| 082 |
_aREF/2 _bLCBED/13792 |
||
| 245 | _aExtraordinary rain forests | ||
| 250 | _aNew York | ||
| 260 |
_aScholastic inc. _b1990 _c32p.. |
||
| 300 |
_apic. _b 24cm. |
||
| 504 | _aIncludes index | ||
| 650 | _aREF | ||
| 850 | _aLCBED/REF/2 | ||
| 942 | _cBK | ||
| 999 |
_c35878 _d86357 |
||